000
00298nam a22001457a 4500
003
SGT
082
_a
611
_b
T14S
100
_a
SINGH,VISHRAM
245
_a
A TEXT BOOK OF ANATOMY
260
_a
DELHI
_b
ELSEVIER
_c
2014
300
_a
445
650
_a
ANATOMY
653
_a
ANATOMY
942
_2
ddc
_c
BK
_0
36
999
_c
8267
_d
8267